000 00745nas a2200241 4500
001 BR7902104
003 BR-BrBNA
005 20231205083656.0
007 ta
008 230509b bl.|||p| |||| 00| 00por d
040 _aBR-BrBNA
_bpor
_cBiblioteca Nacional de Agricultura
041 _a(Pt)
072 _aK10
100 1 _aValle, C.F. do
100 1 _aCaldeira, C. de J.
245 1 _aFatores que afetam o enraizamento de estacas de Eucalyptus spp [eucalipto]
650 _aPRODUCAO FLORESTAL
650 _aEUCALIPTO
650 _aENRAIZAMENTO DE ESTACA
773 0 _tIPEF. Boletim Informativo (Brazil)
_xISSN 0100-4557
_g(Jul 1978), v. 6(18) p. 107-117
_wBR7902104
909 _a202311
_bLúcia
_c55
_dLúcia Elande
942 _2AGRIS
_n0
_cANA
999 _c100501
_d100501